000 00889nam a22002535i 4500
001 47811
003 ES-MaACL
005 20250115161455.0
007 t|
008 030528s1992 sp ||||0| spa j
020 _a84-7719-334-7
040 _aM-BN
_bspa
_cM-BN
080 _a930 Prescott, William Hickling
100 1 _aVilloria, Secundino.
_9115273
245 1 3 _aLa historia traducida
_b: versiones españolas de las obras de W.H. Prescott en el siglo XIX /
_cSecundino Villoria, Juan José Lanero.
260 _aLeón :
_bUniversidad de León,
_c1992.
300 _a250 p :
_bil ;
_c24 cm.
504 _aBibliografía: p. 245-250.
600 0 4 _aPrescott, William Hickling,
_d1796-1859
_xTraducciones al español
_993778
700 1 _aLanero, Juan José.
_969993
710 2 _aUniversidad de León.
_97200
852 _aES-MaACL
_jL-26398
_bR.129708
999 _c47811
_d47811